[Event "Florianopolis op 8th"]
[Site "Florianopolis"]
[Date "2022.01.28"]
[Round "7"]
[White "Miranda Pereira, Emmanuel"]
[Black "Cabral, Mauricio Balluta"]
[Result "1/2-1/2"]
[WhiteElo "1557"]
[BlackElo "1228"]
[PlyCount "91"]
[EventDate "2022.01.24"]
[EventType "swiss"]
[EventRounds "10"]
[EventCountry "BRA"]
[SourceTitle "CBM 206 Extra"]
[Source "ChessBase"]
[SourceDate "2022.03.31"]
[SourceVersion "1"]
[SourceVersionDate "2022.03.31"]
[SourceQuality "1"]

1. d4 d5 2. Nf3 Nf6 3. e3 e6 4. c4 Be7 5. Nc3 0-0 6. Bd3 dxc4 7. Bxc4 b6 8. 0-0 Bb7 9. Bd3 Nbd7 10. Re1 c5 11. Bc2 Re8 12. a4 a6 13. e4 cxd4 14. Nxd4 Bc5 15. e5 Nxe5 16. Nb3 Qxd1 17. Nxd1 Ned7 18. Nxc5 Nxc5 19. Be3 Nd5 20. Bd4 Nb4 21. Ne3 Nxc2 22. Nxc2 Nb3 23. Rad1 Nxd4 24. Nxd4 Red8 25. Ne2 Kf8 26. f3 Ke7 27. Kf2 Rac8 28. Nc3 Rxd1 29. Rxd1 Rd8 30. Rxd8 Kxd8 31. Ke3 Kd7 32. Kd4 Kd6 33. Ne4+ Bxe4 34. fxe4 e5+ 35. Kc4 Kc6 36. g4 g5 37. Kb4 b5 38. a5 h6 39. Kc3 Kc5 40. b4+ Kd6 41. Kd3 Ke6 42. Ke3 Kf6 43. Kf3 Kg6 44. Kf2 h5 45. h3 hxg4 46. hxg4 1/2-1/2

[Event "Florianopolis op 8th"]
[Site "Florianopolis"]
[Date "2022.01.25"]
[Round "2"]
[White "Cabral, Mauricio Balluta"]
[Black "Seccafim, Caic Dos Santos"]
[Result "0-1"]
[WhiteElo "1228"]
[BlackElo "1884"]
[PlyCount "70"]
[EventDate "2022.01.24"]
[EventType "swiss"]
[EventRounds "10"]
[EventCountry "BRA"]
[SourceTitle "CBM 206 Extra"]
[Source "ChessBase"]
[SourceDate "2022.03.31"]
[SourceVersion "1"]
[SourceVersionDate "2022.03.31"]
[SourceQuality "1"]

1. d4 Nf6 2. Bf4 g6 3. Nf3 Bg7 4. e3 0-0 5. Be2 d6 6. h3 b6 7. 0-0 Bb7 8. Nbd2 Re8 9. c4 Nbd7 10. Rc1 e5 11. Bh2 a5 12. a3 h6 13. Nb3 Ne4 14. Nfd2 Nxd2 15. Qxd2 a4 16. Na1 Qg5 17. d5 Nc5 18. Rcd1 e4 19. Nc2 Nb3 20. Qb4 Bxb2 21. Nd4 Bxd4 22. exd4 e3 23. f4 Qf6 24. c5 dxc5 25. dxc5 Nxc5 26. f5 Re4 27. fxg6 Qxg6 28. Rd4 Bxd5 29. Rxe4 Bxe4 30. Bf3 e2 31. Rf2 Bxf3 32. Rxf3 Nd3 33. Rxd3 Qxd3 34. Qe1 Qe3+ 35. Kh1 Re8 0-1

[Event "Timbo op"]
[Site "Timbo"]
[Date "2021.02.20"]
[Round "4"]
[White "Moretto, Heitor Frainer"]
[Black "Cabral, Mauricio Balluta"]
[Result "1/2-1/2"]
[WhiteElo "1589"]
[BlackElo "1218"]
[PlyCount "64"]
[EventDate "2021.02.19"]
[EventType "swiss"]
[EventRounds "6"]
[EventCountry "BRA"]
[SourceTitle "EXT 2022"]
[Source "ChessBase"]
[SourceDate "2021.10.06"]
[SourceVersion "1"]
[SourceVersionDate "2021.10.06"]
[SourceQuality "1"]

1. Nf3 d5 2. g3 e6 3. Bg2 Nf6 4. d4 Nbd7 5. c4 Be7 6. 0-0 0-0 7. Qc2 b6 8. Nbd2 Bb7 9. b3 c5 10. Bb2 Rc8 11. Qd1 cxd4 12. Nxd4 Qc7 13. Rc1 Qb8 14. Rc2 dxc4 15. Nxc4 Bxg2 16. Kxg2 Ne4 17. f3 Nd6 18. Qc1 Nxc4 19. Rxc4 Rxc4 20. Qxc4 Rc8 21. Nc6 Rxc6 22. Qxc6 Ne5 23. Bxe5 Qxe5 24. Qa8+ Bf8 25. Rc1 Qxe2+ 26. Kh3 Qd2 27. Rc8 Qh6+ 28. Kg2 Qd2+ 29. Kf1 Qd1+ 30. Kg2 Qd2+ 31. Kh1 Qe1+ 32. Kg2 Qd2+ 1/2-1/2

[Event "Sao Bento do Sul op 05"]
[Site "Sao Bento do Sul"]
[Date "2019.05.18"]
[Round "3"]
[White "Lanznaster, Rafael"]
[Black "Cabral, Mauricio Balluta"]
[Result "1-0"]
[WhiteElo "1381"]
[BlackElo "1066"]
[PlyCount "80"]
[EventDate "2019.05.17"]
[EventType "swiss"]
[EventRounds "7"]
[EventCountry "BRA"]
[SourceTitle "CBM 195 Extra"]
[Source "ChessBase"]
[SourceDate "2020.05.31"]
[SourceVersion "1"]
[SourceVersionDate "2020.05.31"]
[SourceQuality "1"]

1. c4 Nf6 2. Nc3 g6 3. Nf3 Bg7 4. g3 0-0 5. Bg2 d6 6. d4 Nbd7 7. 0-0 c5 8. dxc5 Nxc5 9. b3 b6 10. Qc2 Bb7 11. Bb2 Qc7 12. Rad1 Bc6 13. b4 Ncd7 14. Nd5 Nxd5 15. Bxg7 Kxg7 16. cxd5 Rac8 17. dxc6 Qxc6 18. Qxc6 Rxc6 19. Nd4 Rc7 20. Rc1 Rfc8 21. Rxc7 Rxc7 22. Nc6 e6 23. Rd1 d5 24. b5 Nc5 25. Ne5 Na4 26. Kf1 Rc2 27. a3 Nc5 28. Nd3 Rc3 29. Nxc5 Rxc5 30. a4 Rc4 31. Ra1 Kf6 32. e3 Ke5 33. Kg1 Kd6 34. Bf1 Rb4 35. Kg2 h5 36. f4 Kd7 37. a5 bxa5 38. Rxa5 Ke7 39. Rxa7+ Kf6 40. Ra8 Rb2+ 1-0

[Event "Sao Bento do Sul op 05"]
[Site "Sao Bento do Sul"]
[Date "2019.05.17"]
[Round "2"]
[White "Lino, Tiffany Marcele"]
[Black "Cabral, Mauricio Balluta"]
[Result "1-0"]
[WhiteElo "1393"]
[BlackElo "1066"]
[PlyCount "73"]
[EventDate "2019.05.17"]
[EventType "swiss"]
[EventRounds "7"]
[EventCountry "BRA"]
[SourceTitle "CBM 195 Extra"]
[Source "ChessBase"]
[SourceDate "2020.05.31"]
[SourceVersion "1"]
[SourceVersionDate "2020.05.31"]
[SourceQuality "1"]

1. d4 d5 2. e3 Nf6 3. Bd3 e6 4. f4 Bd6 5. Nf3 b6 6. c3 Bb7 7. 0-0 Nc6 8. Nbd2 0-0 9. Ne5 h6 10. Rf3 Re8 11. Rg3 Bf8 12. Ndf3 Nxe5 13. Nxe5 Nd7 14. Bb5 Bc8 15. Qh5 Nxe5 16. Bxe8 Qxe8 17. fxe5 Ba6 18. Qxh6 Qb5 19. Qf4 c5 20. Rf3 Qd7 21. Bd2 cxd4 22. exd4 Rc8 23. Rh3 Be7 24. Re1 Qb5 25. Bc1 Bd8 26. Ree3 Bg5 27. Qf2 Bxe3 28. Rxe3 Rc7 29. Rg3 Kf8 30. Rf3 Kg8 31. Rh3 Rd7 32. Bg5 Rc7 33. Bf6 Rxc3 34. Rxc3 gxf6 35. Qxf6 Qe2 36. Rg3+ Kf8 37. Qd8# 1-0

[Event "BRA-ch U14"]
[Site "Florianopolis"]
[Date "2019.04.21"]
[Round "6"]
[White "Feitoza, Gustavo Sampaio Lob"]
[Black "Cabral, Mauricio Balluta"]
[Result "1-0"]
[WhiteElo "1528"]
[BlackElo "1081"]
[PlyCount "103"]
[EventDate "2019.04.18"]
[EventType "swiss"]
[EventRounds "6"]
[EventCountry "BRA"]
[SourceTitle "CBM 190 Extra"]
[Source "ChessBase"]
[SourceDate "2019.07.15"]
[SourceVersion "1"]
[SourceVersionDate "2019.07.15"]
[SourceQuality "1"]

1. e4 e5 2. Nf3 Nc6 3. Bc4 Bc5 4. c3 Qe7 5. d3 Nf6 6. 0-0 0-0 7. Nbd2 d6 8. Bb3 Bg4 9. h3 Bh5 10. Re1 Na5 11. Bc2 Nc6 12. Nf1 Bg6 13. Ng3 h6 14. Be3 Bb6 15. Nh4 Bh7 16. Nhf5 Bxf5 17. Nxf5 Qd8 18. Qf3 Kh7 19. Bxb6 axb6 20. d4 exd4 21. cxd4 g6 22. e5 dxe5 23. dxe5 Ng8 24. Rad1 Qc8 25. a3 Nce7 26. Ng3 Nc6 27. Nh5 Nge7 28. Qf6 Rg8 29. Qxf7+ Kh8 30. Qf4 Kh7 31. Nf6+ Kg7 32. Nxg8 Qxg8 33. Qf6+ Kh7 34. Rd7 Rf8 35. Rxe7+ Nxe7 36. Qxe7+ Rf7 37. Qe6 h5 38. Bb3 Kg7 39. Qxf7+ Qxf7 40. Bxf7 Kxf7 41. f4 Ke6 42. Kf2 h4 43. Kf3 b5 44. Kg4 c6 45. Kg5 c5 46. Kxg6 b6 47. f5+ Ke7 48. f6+ Kf8 49. e6 b4 50. e7+ Ke8 51. Rd1 bxa3 52. Rd8# 1-0

[Event "Blumenau STD op"]
[Site "Blumenau"]
[Date "2018.09.30"]
[Round "6"]
[White "Cabral, Mauricio Balluta"]
[Black "De Bem, Lais Colin"]
[Result "0-1"]
[WhiteElo "1110"]
[BlackElo "1562"]
[PlyCount "50"]
[EventDate "2018.09.28"]
[EventType "swiss"]
[EventRounds "6"]
[EventCountry "BRA"]
[SourceTitle "EXT 2020"]
[Source "ChessBase"]
[SourceDate "2019.10.17"]
[SourceVersion "1"]
[SourceVersionDate "2019.10.17"]
[SourceQuality "1"]

1. e4 c5 2. Nf3 e6 3. Nc3 a6 4. d4 cxd4 5. Nxd4 Qc7 6. Be3 Nf6 7. Bd3 Bb4 8. Bd2 0-0 9. a3 Ba5 10. 0-0 b5 11. Qe2 d6 12. Nb3 Bb6 13. Bg5 Nbd7 14. Qf3 Ne5 15. Qg3 Nfd7 16. Bh6 Ng6 17. Be3 Bxe3 18. Qxe3 Bb7 19. Ne2 Nde5 20. Rac1 Nc4 21. Bxc4 Qxc4 22. Ng3 a5 23. Nd2 Qc6 24. b3 f5 25. f3 f4 0-1

[Event "Blumenau STD op"]
[Site "Blumenau"]
[Date "2018.09.29"]
[Round "4"]
[White "Cabral, Mauricio Balluta"]
[Black "Maciel, Paulo Ricardo"]
[Result "1-0"]
[WhiteElo "1110"]
[BlackElo "1718"]
[PlyCount "135"]
[EventDate "2018.09.28"]
[EventType "swiss"]
[EventRounds "6"]
[EventCountry "BRA"]
[SourceTitle "EXT 2020"]
[Source "ChessBase"]
[SourceDate "2019.10.17"]
[SourceVersion "1"]
[SourceVersionDate "2019.10.17"]
[SourceQuality "1"]

1. e4 e5 2. Nf3 Nf6 3. Nc3 Bc5 4. Nxe5 d6 5. Nd3 Nc6 6. Nxc5 dxc5 7. Bb5 0-0 8. 0-0 Nd4 9. d3 h6 10. Re1 c6 11. Bc4 Re8 12. e5 Nd5 13. Bxd5 cxd5 14. Be3 Rxe5 15. Bxd4 Rxe1+ 16. Qxe1 cxd4 17. Nb5 a6 18. Nxd4 Bg4 19. h3 Bh5 20. Nf5 Qf6 21. Ng3 Bg6 22. Qe3 Qxb2 23. Re1 Qxa2 24. Re2 Qb1+ 25. Nf1 a5 26. Qe7 a4 27. Qa3 b5 28. c3 Qxd3 29. Rd2 Qc4 30. Ne3 Qe4 31. Rd4 Qb1+ 32. Rd1 Qb3 33. Qa1 a3 34. Nxd5 Bc2 35. Rd2 Rd8 36. Ne7+ Kf8 37. Rxd8+ Kxe7 38. Rd2 Qb2 39. Re2+ Kd6 40. Rd2+ Kc5 41. Qe1 b4 42. Qe5+ Kc4 43. Qc7+ Kb5 44. Rd5+ Ka4 45. Ra5+ Kb3 46. Qxf7+ Kxc3 47. Rc5+ Kd2 48. Qf4+ Ke1 49. Qe3+ Kd1 50. Rd5+ Bd3 51. Rxd3+ Kc2 52. Qe2+ Kb1 53. Rd1+ Ka2 54. Qc4+ b3 55. Qd3 g5 56. Rd2 h5 57. Rxb2+ axb2 58. Qa6+ Kb1 59. Qb6 Ka2 60. Qa5+ Kb1 61. Qb4 Ka2 62. Qa4+ Kb1 63. Qxb3 g4 64. hxg4 hxg4 65. f3 g3 66. f4 Kc1 67. Qxb2+ Kxb2 68. f5 1-0

[Event "Santa Catarina State-ch U20"]
[Site "Blumenau"]
[Date "2018.08.25"]
[Round "3"]
[White "Cabral, Mauricio Balluta"]
[Black "Soares, Gustavo Henrique"]
[Result "0-1"]
[WhiteElo "1116"]
[BlackElo "1620"]
[PlyCount "42"]
[EventDate "2018.08.24"]
[EventType "swiss"]
[EventRounds "6"]
[EventCountry "BRA"]
[SourceTitle "EXT 2019"]
[Source "ChessBase"]
[SourceDate "2018.10.10"]
[SourceVersion "1"]
[SourceVersionDate "2018.10.10"]
[SourceQuality "1"]

1. e4 e5 2. Nf3 Nc6 3. Bb5 a6 4. Bxc6 dxc6 5. Nc3 Bd6 6. 0-0 Bg4 7. d3 Qf6 8. Bg5 Qg6 9. Be3 Ne7 10. d4 exd4 11. Bxd4 0-0-0 12. Qd3 c5 13. Nh4 Qh5 14. g3 cxd4 15. Qxd4 Bxg3 16. Qe3 Bxh4 17. Qa7 Nc6 18. Qa8+ Nb8 19. Qa7 Bf3 20. Rfe1 Qg4+ 21. Kf1 Qg2# 0-1